00707nam a2200241Ia 4500003000900000005001700009008004100026040001300067040001300080041000800093100003100101245003100132250001200163260001400175260000900189300001100198300001000209490002300219490000800242942001200250999001700262952018600279IT-RoPAU20220918175701.0120407s9999 xx 000 0 und d aIT-RoPAU cIT-RoPAU aita aDumitru Staniloaé935268 aIl genio dell’ortodossia aMilano  aJaca Book c1986 a126 p. c24 cm aGià e non ancora v136 cBK2ddc c24950d24950 00102ddc406131_800000000000000_1071aPAULUSbPAULUSd2012-04-11l0o131.8.10r2012-04-11 00:00:00w2012-04-11yBKzInserito da: In data: n.d. fondo: Via A.Severo 56 Progr:12766